| 000 | 00364nam a2200145Ia 4500 | ||
|---|---|---|---|
| 008 | 150301s2013 xx 000 0 und d | ||
| 082 |
_a618.2 _bP13A |
||
| 100 | _aARIAS FERNANDO | ||
| 245 | _aPRACTICAL GUIDE TO HIGH RISK PREGNANCY AND DELIVERY | ||
| 250 | _a3RD | ||
| 260 |
_bELSEVIER _aINDIA _c2013 |
||
| 300 | _a572 | ||
| 650 | _aOBST. & GYNE | ||
| 942 |
_2ddc _cBK |
||
| 999 |
_c6637 _d6637 |
||